| 000 | 00650nam a22001697a 4500 | ||
|---|---|---|---|
| 999 |
_c60878 _d60878 |
||
| 005 | 20231114094914.0 | ||
| 008 | 231114s1976 ru ||||| |||| 00| 0 rus d | ||
| 041 | _arus | ||
| 080 | _a902(076) A-18 | ||
| 100 |
_a Авдусин, Д. A. _920366 |
||
| 245 |
_aОсновы археологии : _bМетодические указания / _cД.А. Авдусин. |
||
| 264 |
_a М.: _bИзд-во московского университета, _c1976. |
||
| 300 |
_a86 стр.; _b20 см. |
||
| 653 | _aარქეოლოგიის საფუძვლები | ||
| 653 | _aარქეოლოგია | ||
| 942 |
_2udc _cᲬᲘᲒᲜᲘ |
||